Serious considerations concerning the doctrines of election and reprobation : Extracted from a late author.

Bibliographic Details
Main Author: Watts, Isaac, 1674-1748
Format: eBook
Language:English
Edition:The fourth edition.
Series:Eighteenth century collections online.
Online Access:Full text online

MARC

Tag First Indicator Second Indicator Subfields
LEADER 00000cam a2200000 4500
001 in00001908856
006 m | d |
007 cr |n||||||||n
008 790217s1790 enk|||| s 00||||eng d
005 20260406215504.3
035 |a (CStRLIN)ESTCT16639 
040 |a Uk-ES  |c Uk-ES  |d CStRLIN  |d Thomson Gale  |d UtOrBLW 
100 1 |a Watts, Isaac,  |d 1674-1748. 
245 1 0 |a Serious considerations concerning the doctrines of election and reprobation :  |b Extracted from a late author. 
250 |a The fourth edition. 
264 3 |a London :  |b printed and sold at the New Chapel; and at the Rev. Mr. Wesley's preaching-houses, in town and country,  |c 1790. 
300 |a 12p. ;  |c 12⁰. 
336 |a text  |b txt  |2 rdacontent 
337 |a computer  |b c  |2 rdamedia 
338 |a online resource  |b cr  |2 rdacarrier 
500 |a Extracted by John Wesley from the work of Isaac Watts. 
500 |a Reproduction of original from the British Library. 
510 4 |a Baker,  |c 16 
510 4 |a English Short Title Catalog,  |c ESTCT16639. 
533 |a Electronic reproduction.  |b Farmington Hills, Mich. :  |c Thomson Gale,  |d 2003.  |n Available via the World Wide Web.  |n Access limited by licensing agreements  |7 s2003 miunns 
500 |a Electronic resource. 
830 0 |a Eighteenth century collections online. 
856 4 0 |u http://proxy.library.tamu.edu/login?url=https://galenet.galegroup.com/servlet/ECCO?c=1&stp=Author&ste=11&af=BN&ae=T016639&tiPG=1&dd=0&dc=flc&docNum=CW123372361&vrsn=1.0&srchtp=a&d4=0.33&n=10&SU=0LRF&locID=txshracd2898  |z Full text online  |t 0 
999 |a MARS 
999 f f |s 88a7b553-009b-3a08-9fe8-d9db6a94a252  |i 163831d4-95d0-3a10-bcb5-d423c0cc7b2c  |t 0 
952 f f |a Texas A&M University  |b College Station  |c Electronic Resources  |s www_evans  |d Available Online  |t 0  |h No information provided 
998 f f |t 0  |l Available Online